000 01273nam a2200337 a 4500
001 ebr10076737
003 CaPaEBR
006 m u
007 cr cn|||||||||
008 030318s2004 enk sb 001 0 eng d
010 _z 2003103981
015 _aGB A3-X4856
020 _z0761947159 (pbk.)
020 _z0761947140 (hbk.)
040 _aCaPaEBR
_cCaPaEBR
035 _a(OCoLC)70773915
050 1 4 _aHM479.H35
_bD38 2004eb
082 0 4 _a300/.92
_222
100 1 _aDavis, Helen.
245 1 0 _aUnderstanding Stuart Hall
_h[electronic resource] /
_cHelen Davis.
260 _aLondon ;
_aThousand Oaks, Calif. :
_bSAGE Publications,
_c2004.
300 _aix, 222 p.
504 _aIncludes bibliographical references (p. 211-217) and index.
533 _aElectronic reproduction.
_bPalo Alto, Calif. :
_cebrary,
_d2013.
_nAvailable via World Wide Web.
_nAccess may be limited to ebrary affiliated libraries.
600 1 0 _aHall, Stuart,
_d1932-
_xCriticism and interpretation.
650 0 _aCulture
_xPhilosophy.
650 0 _aSociology
_xPhilosophy.
655 7 _aElectronic books.
_2local
710 2 _aebrary, Inc.
856 4 0 _uhttp://site.ebrary.com/lib/rucke/Doc?id=10076737
_zAn electronic book accessible through the World Wide Web; click to view
999 _c73978
_d73978